Uma cidade para cada estado do Brasil - Statistics

Estatísticas Gerais
  • Esse quiz foi jogado 85 vezes
  • A pontuação média é 14 de 26
Estatísticas das Respostas
Hint Resposta % Correto
São Paulo Guarulhos - Campinas - São Bernardo do Campo - Santo André - Sorocaba - Osasco - Ribeirão Preto - São José dos Campos
89%
Rio de Janeiro São Gonçalo - Duque de Caxias - Nova Iguaçu - Campos dos Goytacazes - Belford Roxo - Niterói - São João de Meriti - Petrópolis
85%
Santa Catarina Joinville - Blumenau - São José - Itajaí - Chapecó - Palhoça - Criciúma - Jaraguá do Sul
81%
Minas Gerais Uberlândia - Contagem - Juiz de Fora - Montes Claros - Betim - Uberaba - Ribeirão das Neves - Governador Valadares
81%
Bahia Feira de Santana - Vitória da Conquista - Camaçari - Juazeiro - Lauro de Freitas - Itabuna - Ilhéus - Porto Seguro
80%
Paraná Londrina - Maringá - Ponta Grossa - Cascavel - São José dos Pinhais - Foz do Iguaçu - Colombo - Guarapuava
78%
Rio Grande do Sul Caxias do Sul - Canoas - Pelotas - Santa Maria - Gravataí - Novo Hamburgo - Viamão - São Leopoldo
77%
Maranhão Imperatriz - São José de Ribamar - Timon - Caxias - Paço do Lumiar - Codó - Açailândia - Bacabal
70%
Pernambuco Jaboatão dos Guararapes - Petrolina - Caruaru - Olinda - Paulista - Cabo de Santo Agostinho - Camaragibe - Garanhuns
67%
Espírito Santo Serra - Vila Velha - Cariacica - Cachoeiro de Itapemirim - Linhares - Guarapari - São Mateus - Colatina
67%
Paraíba Campina Grande - Santa Rita - Patos - Bayeux - Sousa - Cabedelo - Cajazeiras - Guarabira
62%
Goiás Aparecida - Anápolis - Águas Lindas de Goiás - Rio Verde - Luziânia - Valparaíso - Senador Canedo - Trindade
58%
Mato Grosso Várzea Grande - Rondonópolis - Sinop - Sorriso - Tangará da Serra - Primavera do Leste - Lucas do Rio Verde - Cáceres
57%
Pará Ananindeua - Santarém - Parauapebas - Marabá - Castanhal - Abaetetuba - Cametá - Barcarena
54%
Ceará Caucaia - Juazeiro do Norte - Maracanaú - Sobral - Crato - Itapipoca - Maranguape - Iguatu
53%
Mato Grosso do Sul Dourados - Três Lagoas - Corumbá - Ponta Porã - Naviraí - Nova Andradina - Sidrolândia - Aquidauana
51%
Rio Grande do Norte Mossoró - Parnamirim - São Gonçalo do Amarante - Macaíba - Ceará Mirim - Extremoz - Caicó - Assú
48%
Tocantins Araguaína - Gurupi - Porto Nacional - Paraíso do Tocantins - Colinas do Tocantins - Araguatins - Guaraí - Tocantinópolis
42%
Rondônia Ji-Paraná - Ariquemes - Vilhena - Cacoal - Rolim de Moura - Jaru - Guajará-Mirim - Ouro Preto do Oeste
39%
Piauí Parnaíba - Picos - Piripiri - Floriano - Barras - Altos - União - Campo Maior
38%
Acre Cruzeiro do Sul - Tarauacá - Sena Madureira - Feijó - Brasiléia - Senador Guiomard - Mâncio Lima - Epitáciolândia
28%
Amazonas Itacoatiara - Manacapuru - Parintins - Tefé - Coari - Tabatinga - Iranduba - Maués
28%
Sergipe Nossa Senhora do Socorro - Itabaiana - Lagarto - São Cristóvão - Estância - Tobias Barreto - Simão Dias - Barra dos Coqueiros
28%
Alagoas Arapiraca - Rio Largo - Palmeira dos Índios - Marechal Deodoro - União dos Palmares - Penedo - São Miguel dos Campos - Delmiro Gouveia
27%
Amapá Santana - Laranjal do Jari - Oiapoque - Mazagão - Porto Grande - Tartarugalzinho - Pedra Branca do Amapari - Vitória do Jari
25%
Roraima Rorainópolis - Alto Alegre - Caracaraí - Pacaraima - Cantá - Mucajaí - Normandia - Amajari
16%
Nenhum quiz correspondente encontrado
Distribuição das Pontuações
Porcentagem de Pessoas com Cada Pontuação
Percentil de Números Respondidos
Sua Pontuação Histórica
Você não jogou esse quiz